Essentials of business research: a guide to doing your research project/

Պահպանված է:
Մատենագիտական մանրամասներ
Հիմնական հեղինակ: WILSON, Jonathan
Ձևաչափ: Գիրք
Լեզու:անգլերեն
Հրապարակվել է: Sage, 2014.
Ցուցիչներ: Ավելացրեք ցուցիչ
Չկան պիտակներ, Եղեք առաջինը, ով նշում է այս գրառումը!

MARC

LEADER 00000nam a22000007a 4500
008 210817b ||||| |||| 00| 0 eng d
020 |a ISBN: 978-1-4462-5733-3 
100 |a WILSON, Jonathan. 
245 |a Essentials of business research: a guide to doing your research project/  |c  Jonathan Wilson  |g xxii; 235p.;ill. 
250 |b . 2nd ed.-   |c  Jonathan Wilson 
260 |b Sage,  |c  2014.   |h -Los Angeles  |i 693377 – ADM  |i 693378  |l HD304 .W69  |m 1. Business – Research – Methodology  |m 2. Dissertations, Academic   |m I. Title. 
500 |a “It includes index and references” 
942 |a lcc  |c BK  |e j o ifatola  |f 17/ 08/ 2021 
952 |0 0  |1 0  |2 lcc  |4 0  |6 HD0304 W69  |7 0  |9 3065  |a MPL  |b HOL  |c GJ  |d 2021-08-17  |l 0  |o HD304 .W69  |p 2021-66764  |r 2021-08-17 00:00:00  |w 2021-08-17  |y BK 
952 |0 0  |1 0  |2 lcc  |4 0  |6 HD0304 W69  |7 0  |9 3066  |a MPL  |b HOL  |c GJ  |d 2021-08-17  |l 0  |o HD304 .W69  |p 2021-66765  |r 2021-08-17 00:00:00  |w 2021-08-17  |y BK 
999 |c 1553  |d 1553